banner koha

Limitacoes nutricionais para o Andropogon (Andropogon gayanus)e braquiarao (Brachiaria brizantha)em latossolo da Regiao dos Campos das Vertentes - MG (Registro n. 51114)

MARC details
000 -LÍDER
campo de controle de tamanho fixo 01103nam a22003257a 4500
001 - NÚMERO DE CONTROLE
campo de controle BR9503145
003 - IDENTIFICADOR DO NÚMERO DE CONTROLE
campo de controle BR-BrBNA
005 - DATA E HORÁRIO DA ÚLTIMA TRANSAÇÃO
campo de controle 20230928094521.0
007 - CAMPO FIXO DE DESCRIÇÃO FÍSICA--INFORMAÇÃO GERAL
campo de controle de tamanho fixo ta
008 - CAMPO DE DADOS FIXOS--INFORMAÇÃO GERAL
campo de controle de tamanho fixo 230509b bl.||||| |||| 00| 0 por d
040 ## - FONTE DA CATALOGAÇÃO
Instituição da catalogação original BR-BrBNA
Idioma da catalogação por
Instituição que transcreveu o registro Biblioteca Nacional de Agricultura
041 ## - CÓDIGO DE IDIOMA
Código do idioma do texto/trilha sonora ou título diferente (Por)
072 ## - CÓDIGO DE CATEGORIA DE ASSUNTO
Código de Categoria de Assunto F61
Código do objeto 1930
090 ## - NÚMERO DE CHAMADA LOCAL
-- 1930 BR9503145
100 1# - ENTRADA PRINCIPAL--NOME PESSOAL
Nome pessoal Morikawa, C.K.
110 1# - ENTRADA PRINCIPAL--NOME CORPORATIVO
Nome corporativo ou nome da jurisdição Escola Superior de Agricultura de Lavras, MG (Brasil)
Grau Universitário Tese (Mestre em Solos e Nutricao de Plantas)
245 1# - TÍTULO
Título Limitacoes nutricionais para o Andropogon (Andropogon gayanus)e braquiarao (Brachiaria brizantha)em latossolo da Regiao dos Campos das Vertentes - MG
260 3# - PUBLICAÇÃO, DISTRIBUIÇÃO, ETC.
Local de publicação, distribuição, etc. Lavras, MG (Brasil):
Data da publicação, distribuição, etc. 1993.
300 ## - DESCRIÇÃO FÍSICA
Extensão 136 p.
500 ## - NOTA GERAL
Nota geral 33 tables; 8 graphs; Bibliography p. 113-125 (144 ref.); Summaries (Eng, Por)
650 ## - ASSUNTO--TERMO TÓPICO
Cabeçalho tópico ou nome geográfico Capim Andropogon
650 ## - ASSUNTO--TERMO TÓPICO
Cabeçalho tópico ou nome geográfico Capim Brachiaria
650 ## - ASSUNTO--TERMO TÓPICO
Cabeçalho tópico ou nome geográfico Exigencia Nutricional
650 ## - ASSUNTO--TERMO TÓPICO
Cabeçalho tópico ou nome geográfico Fisiologia Vegetal
650 ## - ASSUNTO--TERMO TÓPICO
Cabeçalho tópico ou nome geográfico Nutricao Vegetal
650 ## - ASSUNTO--TERMO TÓPICO
Cabeçalho tópico ou nome geográfico Latossolo
650 ## - ASSUNTO--TERMO TÓPICO
Cabeçalho tópico ou nome geográfico Minas Gerais
909 ## -
-- 202309
-- Lucia
-- 55
-- Lucia Elande
942 ## - ELEMENTOS DE ENTRADA ADICIONADOS (KOHA)
Tipo de material Koha Livros
Exemplares
Situação do descarte Fonte da classificação ou esquema de arquivamento na estante Situação física Não pode ser emprestado Coleção Biblioteca de origem Biblioteca atual Total de empréstimos Número de telefone completo Código de barras Data de último acesso Número do exemplar Tipo de material Koha Situação das perdas Data de aquisição Fonte de aquisição
  Classificação AGRIS       Biblioteca Nacional de Agricultura - Binagri Biblioteca Nacional de Agricultura - Binagri   1930 BR9503145 1930 BR9503145 25/09/2023 01 Livros   2023-09-25 Portaria Interministerial nº 164/94

BINAGRI

Telefone: (61)3218-2567/2388/3357/2097 - binagri@agro.gov.br

Ministério da Agricultura e Pecuária , Esplanada dos Ministérios, Bloco D, Anexo B, Brasília/DF, CEP: 70.043-900